| 000 | 00733nam a22002177a 4500 | ||
|---|---|---|---|
| 003 | OSt | ||
| 005 | 20131210172703.0 | ||
| 008 | 130425s2005 sp ||||| |||| 00| 0 spa d | ||
| 020 | _a8474267900 | ||
| 040 |
_cCDMR _bcat |
||
| 100 | 1 |
_93286 _aConoscenti, Michelangelo |
|
| 245 | 1 | 4 |
_aLos medios de comunicación en el Mediterráneo _b: códigos comunicativos y construcción del diálogo _cMichelangelo Conoscenti |
| 260 |
_aBarcelona _bCIDOB |
||
| 260 |
_bIcaria _c2005 |
||
| 300 | _a91 p. | ||
| 490 | 0 |
_aEnciclopedia del Mediterráneo _v25 |
|
| 650 | 0 | 4 |
_92757 _aMitjans de comunicació de massa _xAspectes socials |
| 650 | 0 | 4 |
_92777 _aComunicació intercultural |
| 650 | 0 | 4 |
_93866 _aPeriodisme _zMediterrània, Regió |
| 942 |
_2udc _cMON |
||
| 999 |
_c6142 _d6142 |
||